| 000 | 00617nam a2200157 a 4500 | ||
|---|---|---|---|
| 001 | 000029301 | ||
| 005 | 20200930055447.0 | ||
| 008 | 110414s1984 dr 000 | spa d | ||
| 040 |
_aDO-SdBNP _bspa _cBNPHU |
||
| 100 | 1 |
_aButtén Varona, Nelson B. _956186 |
|
| 245 | 1 | 0 |
_aJunta Central Electoral y Registro Civil / _cNelson B. Buttén Varona. |
| 260 |
_aSanto Domingo : _bJunta Central Electoral, _c1984. |
||
| 300 |
_a14 p. ; _c20 cm. |
||
| 500 | _aTexto de la charla pronunciada por el Dr. Nelson Buttén Varona el 12 de abril de 1984 en ocasión de celebrarse el día de la Junta Central Electoral. | ||
| 049 | _aBNPD | ||
| 999 |
_c28793 _d28793 |
||